书目信息 |
| 题名: |
切·格瓦拉
|
|
| 作者: | 刘智峰 主编 | |
| 分册: | ||
| 出版信息: | 北京 中国社会科学出版社 2001.09 |
|
| 页数: | 449页 | |
| 开本: | 32开 | |
| 丛书名: | 中国观察系列 | |
| 单 册: | ||
| 中图分类: | I207.34 | |
| 科图分类: | ||
| 主题词: | 话剧--剧本--中国 , 话剧--文学研究--中国--当代 | |
| 电子资源: | ||
| ISBN: | 7-5004-3154-6 | |
| 000 | 00740nam0 2200241 45 | |
| 001 | 0109251450 | |
| 005 | 20031219104057.9 | |
| 010 | @a7-5004-3154-6@dCNY25.00 | |
| 100 | @a20010925d2001 km y0chiy0120 ea | |
| 101 | 0 | @achi |
| 105 | @a z 000yy | |
| 200 | 1 | @a切·格瓦拉@AQie·Ge Wa La@e反响与争鸣@EFan Xiang Yu Zheng Ming@f刘智峰主编@FLiu Zhi Feng Zhu Bian |
| 210 | @a北京@c中国社会科学出版社@d2001.09 | |
| 215 | @a449页@d32开 | |
| 225 | @a中国观察系列 | |
| 410 | @12001 @a中国观察系列 | |
| 517 | @a反响与争鸣@AFan Xiang Yu Zheng Ming | |
| 606 | 0 | @a话剧@x剧本@y中国 |
| 606 | 0 | @a话剧@x文学研究@y中国@z当代 |
| 690 | @aI207.34@v4 | |
| 701 | @a刘智峰@4主编 | |
| 801 | @aCN@bTSTC@c20010925 | |
| 905 | @b314711-715@dI207.34@e73@f5 | |
| 切·格瓦拉:反响与争鸣/刘智峰主编.-北京:中国社会科学出版社,2001.09 |
| 449页;32开.-(中国观察系列) |
| ISBN 7-5004-3154-6:CNY25.00 |
| ● |
| 相关链接 |
|
|
|
|
正题名:切·格瓦拉
索取号:I207.34/73
 
预约/预借
| 序号 | 登录号 | 条形码 | 馆藏地/架位号 | 状态 | 备注 |
| 1 | 0314711 | 203147111 | 第二借阅区/ [索取号:I207.34/73] |
已借出,限还日期为2026.05.17 借出人:毛卫佳 |
|
| 2 | 0314712 | 203147120 | 第二借阅区/ [索取号:I207.34/73] | 在馆 | |
| 3 | 0314713 | 203147139 | 第二借阅区/ [索取号:I207.34/73] |
已借出,限还日期为2025.12.18 借出人:解爽 |
|
| 4 | 0314714 | 203147148 | 第二借阅区/ [索取号:I207.34/73] | 在馆 | |
| 5 | 0314715 | 203147157 | 第一样本阅览室/ [索取号:I207.34/73] | 在馆 |